Une lettre suffit pour répondre juste #75 (attention 10 lettres tuent) - Statistiques

Statistiques générales
  • Ce quiz a été pris 77 fois
  • Le résultat moyen est 3 sur 6
Statistiques - réponses
Hint Réponse % Correct
Donne une des 5 lettres qui compose l'onomatopée reproduisant le bruit émis par un objet tombant dans un liquide (ce n'est pas splash) : _ _ _ _ _ PLOUF
100%
Donne une des 4 lettres du surnom de Theodore Bagwell joué par Robert Knepper dans la série TV Prison Break : _-_ _ _
TBAG (T-BAG)
80%
Donne une des 3 lettres du surnom (3 premières lettres du prénom) du personnage interprété par Sophie Marceau dans la Boum
VIC (Victoire Berreton)
48%
Donne une des 2 lettres du nom de cette île française située dans le golfe de Gascogne, au large des côtes aunisiennes : Ile de _ _
RE
42%
Donne la 1ere lettre de la province du Canada qui compte parmi le Top 10 de ses villes les plus peuplées : - Gatineau - Longueuil - Sherbrooke Q (Québec)
26%
Donne la lettre qui est en première et dernière position du nom de cet empereur romain de 5 lettres (empereur du 13 octobre 54 au 8 juin 68) :
N (NeroN)
17%
Aucun quiz correspondant
Distribution des résultats
% des personnes avec chaque résultat
Percentile par nombre de réponses
Votre historique - résultats
Vous n’avez pas pris ce quiz